Harcba a kozmopolitizmus, az amerikai imperializmus ideológiája ellen

Bibliographic Details
Main Author: Kopecký, Václav, 1897-1961 (Author)
Other Authors: Tóth, Tibor (Translator)
Format: Book
Language:Hungarian
Czech
PhysicalDescription:39, [1] s. 8°
Published: Bratislava Pravda 1952
Subjects:

MARC

LEADER 00000nam a2200000 a 4500
001 vtls008379671
003 SK-MaSNL
005 20260301123455.0
008 181109s1952 xo hun
015 |a SKSNBA19451955-005602 
035 |a SK01SNKBKSFS20010071888 
035 |a SKM000074351 
040 |a SNK  |b slo  |c SNK  |e AACR2 
041 1 |a hun  |h cze 
044 |a xo  |c SK 
080 |a 172.16(73)  |2 1981 
080 |a 141.82  |2 1981 
100 1 |a Kopecký, Václav,  |d 1897-1961  |4 aut  |9 83713 
245 1 0 |a Harcba a kozmopolitizmus, az amerikai imperializmus ideológiája ellen  |c Václav Kopecký beszéde a főiskolai tudományos munkások 1952. február 27-e és március 1-e között Brünnben megtartott ideológiai konferenciáján ; (eredeti cseh kiadásból ford. Tóth Tibor) 
260 |a Bratislava  |b Pravda  |c 1952  |e Bratislava  |f Pravda 
300 |a 39, [1] s.  |c 8° 
650 0 7 |a kozmopolitizmus  |2 SNKPH  |9 14767 
650 0 7 |a marxistická kritika  |2 SNKPH  |9 106185 
655 7 |a príručky  |2 SNKPH  |9 74364 
700 1 |a Tóth, Tibor  |4 trl  |9 5168 
852 |a Slovenská národná knižnica v Martine  |b 10000  |h MS SD 8155 
958 |a OND 
958 |a RK 
958 |a TL 
999 |c 736367  |d 738297 
952 |a SNK  |b SNK  |y VYP  |7 0  |p 17A0888974  |o snkSD 8155 D1  |i snkVIII. 3591/52  |0 0  |1 0  |4 0  |d 2012-06-21  |l 0  |r 2026-02-23 22:45:08  |w 2026-02-23 
952 |a SNK  |b SNK  |y VYP  |7 0  |p 17A0889030  |o snkSD 8155 D2  |i snkF 3356/63  |8 5  |0 0  |1 0  |4 0  |d 2012-06-21  |l 0  |r 2026-02-23 22:45:08  |w 2026-02-23